Introducción a la geografía humana

Salvato in:
Dettagli Bibliografici
Autore principale: Gourou, Pierre (Autore)
Natura: Libro
Lingua:spagnolo
Pubblicazione: Madrid Alianza 1981
Edizione:2a. ed
Serie:Alianza Universidad, 228
Soggetti:
Tags: Aggiungi Tag
Nessun Tag, puoi essere il primo ad aggiungerne!!

MARC

LEADER 00000nam a2200000 a 4500
001 UCW9042
003 CL-VaPUC
008 881128e19810000SP |||||||||||||||||spa|d
082 0 4 |a 304.6  |b GOU  |2 21 
100 |a Gourou, Pierre  |e author  |9 573635 
245 1 0 |a Introducción a la geografía humana 
250 |a 2a. ed 
300 |a 339 p 
942 |c BK 
945 |d 19881128 00:00:00 
260 |a Madrid  |b Alianza  |c 1981 
650 0 |a Geografía humana  |9 267193 
583 |a last modification  |c 19881128 00:00:00  |k Rodrigo Vera 
490 0 |a Alianza Universidad, 228 
999 |c 221119  |d 221117 
952 |0 0  |1 0  |4 0  |6 304_600000000000000_GOU_1981  |7 0  |8 A  |9 214106  |a BIBING  |b BIBING  |d 2019-11-15  |i 2827034  |o 304.6 GOU 1981  |p 2827034  |r 2025-01-20  |w 2019-11-15  |y BK  |k GEO 
952 |0 0  |1 0  |4 0  |6 304_600000000000000_GOU_1981  |7 0  |8 A  |9 214107  |a BIBING  |b BIBING  |d 2019-11-15  |i 2827042  |o 304.6 GOU 1981  |p 2827042  |r 2025-01-20  |w 2019-11-15  |y BK  |k GEO 
952 |0 0  |1 0  |4 0  |6 304_600000000000000_GOU_1981  |7 0  |8 A  |9 214108  |a BIBING  |b BIBING  |d 2019-11-15  |i 2827050  |o 304.6 GOU 1981  |p 2827050  |r 2025-01-20  |w 2019-11-15  |y BK  |k GEO